000 00499nam a22001697a 4500
999 _c160898
_d160898
005 20190215151104.0
010 _aB-127208
020 _a8120325257
_c195.00
035 _aB-127208
037 _bPrentic-hall of India Pvt. Ltd.
082 _a629.895
100 _aNIIT
245 _aProgrammable logic theory:
_bprinciples and applications
_cNIIT
260 _aNew Delhi
_bPrentic-hall of India Pvt. Ltd.
_c2005
300 _a219p.
_c24cm(pbk)
942 _2ddc
_cEN
_h629.895
_mPRO